00311nam a22001337a 4500003000400000008004100004020001800045082001600063100002000079245003400099250001100133260002500144300000800169OSt240412b |||||||| |||| 00| 0 eng d a9789390684151 a005.745 MAL aMAJUMDAR,Partha aLearn Emotion Analysis with R a1st Ed aNew DelhibBPBc2024 a530